000 00560 a2200193 4500
005 20241203122122.0
010 _aB-761322
020 _a9789358707564
_c450.00
035 _aB-761322
037 _bGift/28.11.24
082 _a500
100 _aTingri, Aaditya
_974567
245 _aS. Chand's Journey Through Science Book 8/
_cAaditya Tangri
260 _aU.P.
_bS. Chand's
_c2025
270 _aU. P.
300 _a226 p.
_c27cm (Pb)
942 _adpl
_cCH
_2ddc
_h500
_mTAN
999 _c207351
_d207351